Catalog

Record Details

Catalog Search



On this day : the history of the world in 366 days  Cover Image Book Book

On this day : the history of the world in 366 days / [editor Sian Facer]

Facer, Sian (Editor).

Record details

  • Physical Description: 400 s. : il.
  • Publisher: London : Bounty Books, 2004

Content descriptions

General Note:
Obsahuje rejstřík
Subject: světové dějiny
Genre: encyklopedie

Available copies

  • 1 of 1 copy available at Common Catalog SPOK.

Holds

  • 0 current holds with 1 total copy.
Show Only Available Copies
Location Call Number / Copy Notes Barcode Shelving Location Status Due Date
Varianty Cho On 4605401179 Šafaříkova 17 - 5. patro, chodba Available -

LDR 00684nam a2200229 a 4500
00131714
003CZ-PrJAB
00520190508063247.0
008090408s2004 xxk e eng
035 . ‡a(CZ PlERL)000452292
040 . ‡aPNA001 ‡bcze
072 7. ‡a94(100) ‡xSvětové dějiny ‡2Konspekt ‡98
080 . ‡a94(100) ‡2MRF
080 . ‡a(031) ‡2MRF
24500. ‡aOn this day : ‡bthe history of the world in 366 days / ‡c[editor Sian Facer]
260 . ‡aLondon : ‡bBounty Books, ‡c2004
300 . ‡a400 s. : ‡bil.
500 . ‡aObsahuje rejstřík
65007. ‡asvětové dějiny ‡7ph117271 ‡2czenas
655 7. ‡aencyklopedie ‡2czenas ‡7fd132201
7001 . ‡aFacer, Sian ‡7pna2009504903 ‡4edt
910 . ‡aABH006
901 . ‡a31714 ‡b ‡c31714 ‡tbiblio

Additional Resources